| 000 | 00752nam a22002057a 4500 | ||
|---|---|---|---|
| 999 |
_c156457 _d156457 |
||
| 005 | 20181115142250.0 | ||
| 010 | _aENG-123783 | ||
| 020 |
_c395.00 _a9788171428007 |
||
| 035 | _aEN-107315 | ||
| 037 | _bDBAD/PUB | ||
| 082 | _a954.0841092 | ||
| 245 |
_aThe hanging of Bhagat Singh vol. 2-A / _cedited by Malwinderjit Singh Waraich; Rajwanti Mann [and] Harish Jain _bselect tribunal proceedings with Sukhdev's remarks / |
||
| 260 |
_aChandigarh _bUnistar Books _c2010 |
||
| 270 |
_aS.C.O, 26-27, Sector 43A, _bChandigarh _e160022 |
||
| 300 |
_avol. 2-A (xxxix, 267p.) _c24cm (Hb) |
||
| 700 |
_a Waraich, Malwinderjit Singh _934095 |
||
| 700 | _a Mann, Rajwanti | ||
| 700 | _aJain, Harish | ||
| 942 |
_2ddc _cEN _mHAN _h954.0841092 |
||